The Queen on the application of Thames Water Utilities V The South East London Division, Bromley Magistrates Court (Record no. 78831)

MARC details
000 -LEADER
fixed length control field 01735cad a22002175a 4500
001 - CONTROL NUMBER
control field L138236
008 - FIXED-LENGTH DATA ELEMENTS--GENERAL INFORMATION
fixed length control field 070523s2007 xxk f w i000 0 eng d
035 ## - SYSTEM CONTROL NUMBER
System control number (Sirsi) u138236
041 0# - LANGUAGE CODE
Language code of text/sound track or separate title eng
245 04 - TITLE STATEMENT
Title The Queen on the application of Thames Water Utilities V The South East London Division, Bromley Magistrates Court
Remainder of title interested party: Environment Agency
Medium [electronic resource]
260 ## - PUBLICATION, DISTRIBUTION, ETC.
Date of publication, distribution, etc. 2007
520 ## - SUMMARY, ETC.
Summary, etc. C-252/05, 10 May 2007. Considers whether sewage escaping from networks maintained by a sewerage company constituted controlled waste for the purposes of the Environmental Protection Act 1990 section 33. The company (T) was accused of dumping controlled waste through accidental leakage into controlled waters. The magistrates' court referred the matter of whether water leaking from the sewerage system constituted this. "Held": The fact that the waste water was spilled accidentally did not alter the view that the sewerage company was considered to have dumped the waste. Directive 75/442 could not apply in this case as it did not cover waste waters. Directive 91/271 did no more than lay down a duty to prevent the risk of leakage of waste water and could not in any case be used as it did not provide special legislation for waste water, which would be needed to prevail over 75/442. Judgment accordingly.
590 ## - LOCAL NOTE (RLIN)
Local note KA
650 24 - SUBJECT ADDED ENTRY--TOPICAL TERM
Topical term or geographic name entry element R V BROMLEY MAGISTRATES COURT
650 24 - SUBJECT ADDED ENTRY--TOPICAL TERM
Topical term or geographic name entry element DIRECTIVE 75/442/EEC
650 24 - SUBJECT ADDED ENTRY--TOPICAL TERM
Topical term or geographic name entry element DIRECTIVE 91/271/EEC
651 #4 - SUBJECT ADDED ENTRY--GEOGRAPHIC NAME
Geographic name EUROPEAN COMMUNITY
690 ## - LOCAL SUBJECT ADDED ENTRY--TOPICAL TERM (OCLC, RLIN)
Topical term or geographic name as entry element ENVIRONMENTAL AND LAND CONSULTANCY-WASTE MANAGEMENT
856 40 - ELECTRONIC LOCATION AND ACCESS
Uniform Resource Identifier <a href="https://eur-lex.europa.eu/LexUriServ/LexUriServ.do?uri=CELEX:62005J0252:EN:HTML">https://eur-lex.europa.eu/LexUriServ/LexUriServ.do?uri=CELEX:62005J0252:EN:HTML</a>
Public note View the article free of charge at the europa.eu website.
942 ## - ADDED ENTRY ELEMENTS (KOHA)
Suppress in OPAC 0
Holdings
Withdrawn status Lost status Source of classification or shelving scheme Damaged status Not for loan Home library Current library Shelving location Date acquired Total Checkouts Full call number Barcode Date last seen Copy number Price effective from Koha item type
    Dewey Decimal Classification     Virtual Virtual Online 23/05/2007   ONLINE PUBLICATION 138236-1001 06/08/2019 1 06/08/2019 Journal article